Code Morse internatinal - Statistiques

Statistiques générales
  • Ce quiz a été pris 43 fois
    6 depuis la dernière actualisation
  • Le résultat moyen est 4 sur 46
Statistiques - réponses
Code Caractère % Correct
▄ ▄ ▄ S
100%
▄ ▄▄▄ A
50%
▄▄▄ ▄ ▄ ▄ B
50%
E
50%
▄ ▄ I
50%
▄▄▄ T
50%
▄ ▄ ▄ ▄▄▄ V
50%
▄▄▄ ▄▄▄ ▄▄▄ ▄▄▄ ▄▄▄ 0
0%
▄ ▄▄▄ ▄▄▄ ▄▄▄ ▄▄▄ 1
0%
▄ ▄ ▄▄▄ ▄▄▄ ▄▄▄ 2
0%
▄ ▄ ▄ ▄▄▄ ▄▄▄ 3
0%
▄ ▄ ▄ ▄ ▄▄▄ 4
0%
▄ ▄ ▄ ▄ ▄ 5
0%
▄▄▄ ▄ ▄ ▄ ▄ 6
0%
▄▄▄ ▄▄▄ ▄ ▄ ▄ 7
0%
▄▄▄ ▄▄▄ ▄▄▄ ▄ ▄ 8
0%
▄▄▄ ▄▄▄ ▄▄▄ ▄▄▄ ▄ 9
0%
▄ ▄▄▄ ▄▄▄ ▄▄▄ ▄▄▄ ▄ ' (apostrophe)
0%
▄▄▄ ▄ ▄▄▄ ▄ C
0%
▄▄▄ ▄ ▄ D
0%
▄▄▄ ▄▄▄ ▄▄▄ ▄ ▄ ▄ : (deux points)
0%
▄ ▄ ▄▄▄ ▄ F
0%
▄▄▄ ▄▄▄ ▄ G
0%
▄ ▄▄▄ ▄ ▄ ▄▄▄ ▄ " (guillemet)
0%
▄ ▄ ▄ ▄ H
0%
▄ ▄▄▄ ▄▄▄ ▄▄▄ J
0%
▄▄▄ ▄ ▄▄▄ K
0%
▄ ▄▄▄ ▄ ▄ L
0%
▄▄▄ ▄▄▄ M
0%
▄▄▄ ▄ N
0%
▄▄▄ ▄▄▄ ▄▄▄ O
0%
▄ ▄▄▄ ▄▄▄ ▄ P
0%
▄ ▄▄▄ ▄ ▄▄▄ ▄ ▄▄▄ . (point)
0%
▄▄▄ ▄ ▄▄▄ ▄ ▄▄▄ ! (point d'exclamation)
0%
▄ ▄ ▄▄▄ ▄▄▄ ▄ ▄ ? (point d'interrogation)
0%
▄▄▄ ▄ ▄▄▄ ▄ ▄▄▄ ▄ ; (point-virgule)
0%
▄▄▄ ▄▄▄ ▄ ▄▄▄ Q
0%
▄ ▄▄▄ ▄ R
0%
▄ ▄ ▄▄▄ ▄▄▄ ▄ ▄▄▄ _ (sous-tiret)
0%
▄▄▄ ▄ ▄ ▄ ▄ ▄▄▄ - (tiret)
0%
▄ ▄ ▄▄▄ U
0%
▄▄▄ ▄▄▄ ▄ ▄ ▄▄▄ ▄▄▄ , (virgule)
0%
▄ ▄▄▄ ▄▄▄ W
0%
▄▄▄ ▄ ▄ ▄▄▄ X
0%
▄▄▄ ▄ ▄▄▄ ▄▄▄ Y
0%
▄▄▄ ▄▄▄ ▄ ▄ Z
0%
Aucun quiz correspondant
Distribution des résultats
% des personnes avec chaque résultat
Percentile par nombre de réponses
Votre historique - résultats
Vous n’avez pas pris ce quiz depuis la dernière actualisation